000 00577cam a2200145 4500500
005 20260208002340.0
041 _afre
042 _adc
100 1 0 _aAnstett, Élisabeth
_eauthor
245 0 0 _aBoris-Mathieu Pétric Pouvoir, don et réseaux en Ouzbékistan post-soviétique. Paris, PUF, 2002, xv + 298 p., bibl., index, gloss., ill. (« Partage du savoir »)
260 _c2005.
500 _a78
786 0 _nL'Homme | 174 | 2 | 2005-06-01 | p. 277l-329l | 0439-4216
856 4 1 _uhttps://shs.cairn.info/revue-l-homme-2005-2-page-277l?lang=fr&redirect-ssocas=7080
999 _c1645958
_d1645956